Responses for Show #4876 - Monday, November 21, 2005

Maria Wenglinsky game 6.

(Jon: Talk about elbow room! Only five people and some buffalo per square mile. Clues on the wide-open spaces of Wyoming, next on Jeopardy!)

Contestants

[<< previous game]

Jeff Cuffee, an accelerator operator from Los Alamos, New Mexico

Michael Cramer, a graduate student from Virginia Beach, Virginia

Maria Wenglinsky, a teacher originally from Salt Lake City, Utah (whose 5-day cash winnings total $122,300)

[next game >>]

Jeopardy! Round responses

KNIGHTS & KNIGHTHOOD
PUGILISTS
FOOD
LITERARY LINGO
AMERICANA
"EEK" CITY
    $200 1
Chaucer

Maria
    $200 6
Marvin Hagler

Jeff
    $200 8
blueberries

Jeff
    $200 11
a fable

Jeff
    $200 21
Ellis Island

Maria
    $200 27
"Cheek To Cheek"

Maria
    $400 2
chain mail

Maria
    $400 7
a knockout

Maria
    $400 10
the curd

Michael
    $400 16
an epilogue

Jeff
    $400 22
Johnny Appleseed

Jeff
    $400 28
a creek

Michael
    $600 3
gauntlet

Michael
    $600 9
Sugar Ray Leonard

Maria
    $1,200 13
lemon grass

Maria
    $600 18
sic

Michael
    $600 23
(Maria: What are carousels?)

a ferris wheel

MariaJeff
    $600 29
reek

Jeff
    $800 4
jousting

Maria
    $800 12
Sullivan

Maria
    $800 14
cabbage

Maria
    $800 19
denouement

Michael
    $800 24
"The Star-Spangled Banner"

Maria
    $800 30
a leek

Jeff
    $1000 5
the Knights Templar

Jeff
    $1000 17
(Alex: He lost it to [*] and then regained it and he lost it also to [**].)

Ingemar Johansson (or Sonny Liston)

Triple Stumper
    $1000 15
arrabbiata

Maria
    $1000 20
incunabula

Maria
    $1000 25
Mario Cuomo

Michael
    $1000 26
biweekly

Jeff

Scores at the first commercial break (after clue 15):

Maria Michael Jeff
$6,200 $1,000 $1,600

Scores at the end of the Jeopardy! Round:

Maria Michael Jeff
$7,800 $3,800 $5,400

Double Jeopardy! Round responses

WELCOME TO WYOMING
"KING" OF THE TOP 40
WOMEN IN GOVERNMENT
ADD A LETTER
(Alex: ...and in this category, you must give me a letter of the alphabet as a response, not the word.)
TECHNOLOGY
REVOLUTIONS
    $400 6
the Rockies

Maria
    $400 1
Carole King

Michael
    $400 19
(Michael: Who is Clinton?)
(Alex: Which one?)

Hillary Clinton

Michael
    $400 26
S (takes it to cosmic)

Jeff
    $400 11
videotape recorders

Jeff
    $400 13
Mao Zedong

Michael
    $800 7
the oil business

Maria
    $800 2
The Kingsmen

Michael
    $1,000 22
Elizabeth Dole

Michael
    $800 27
T (for mortal)

Jeff
    $800 12
addition

Maria
    $800 14
Atkins

Michael
    $1200 8
(Michael: What are bends?)
(Jeff: What are waves?)
(Maria: What are rapids?)

fish

MariaMichaelJeff
Triple Stumper
    $1200 3
Ben E. King

Michael
    $1200 23
(Christie Todd) Whitman

Michael
    $1200 28
M (for hermitage)

Michael
    $1200 17
(Maria: What are ringtones?)

music downloads

MariaMichael
    $1,800 15
Iran

Michael
    $1600 9
Flicka

Jeff
    $1600 4
B.B. King

Jeff
    $1600 24
(Ann) Richards

Maria
    $1600 29
H (for shale)

Jeff
    $1600 20
a dialysis machine

Michael
    $1600 16
the Industrial Revolution

Jeff
    $2000 10
paintbrush

Jeff
    $2000 5
Evelyn "Champagne" King

Triple Stumper
    $2000 25
(Michael: Who is Hellman?)

Clare Booth Luce

Michael
Triple Stumper
    $2000 30
B (for rabid)

Michael
    $2000 21
(Alex: What is--you're going to hate yourselves for missing this--what is [*]?)

a cell

Triple Stumper
    $2000 18
the Velvet Revolution

Maria

Scores at the end of the Double Jeopardy! Round:

Maria Michael Jeff
$11,000 $14,600 $14,200

[wagering suggestions for these scores]

Final Jeopardy! Round responses

NAME THE POEM
MariaWhat is "Mending Wall"?
$11,000
JeffWhat is "Hiawatha"
$14,200
MichaelWhat is Mending Wall
$8,000
"Mending Wall" (by Robert Frost)

Final scores:

Maria Michael Jeff
$22,000 $22,600 $0
2nd place: $2,000 New champion: $22,600 3rd place: $1,000

Game dynamics:

Coryat scores:

Maria Michael Jeff
$10,400 $13,800 $14,200
18 R
(including 1 DD),
3 W
19 R
(including 2 DDs),
2 W
18 R,
1 W

Combined Coryat: $38,400

[game clues] [game scores] [suggest correction]

Game tape date: 2005-08-17
The J! Archive is created by fans, for fans. Scraping, republication, monetization, and malicious use prohibited; this site may use cookies and collect identifying information. See terms. The Jeopardy! game show and all elements thereof, including but not limited to copyright and trademark thereto, are the property of Jeopardy Productions, Inc. and are protected under law. This website is not affiliated with, sponsored by, or operated by Jeopardy Productions, Inc. Join the discussion at JBoard.tv.